<?xml version="1.0" encoding="UTF-8"?>
<record
    xmlns:xsi="http://www.w3.org/2001/XMLSchema-instance"
    xsi:schemaLocation="http://www.loc.gov/MARC21/slim http://www.loc.gov/standards/marcxml/schema/MARC21slim.xsd"
    xmlns="http://www.loc.gov/MARC21/slim">

  <leader>01832nam a22003257a 4500</leader>
  <controlfield tag="003">OSt</controlfield>
  <controlfield tag="005">20260321073644.0</controlfield>
  <controlfield tag="007">ta</controlfield>
  <controlfield tag="008">210201e2019    ddra|||gr|||| 001 e spa d</controlfield>
  <datafield tag="020" ind1=" " ind2=" ">
    <subfield code="a">9789945590883 (tapa dura)</subfield>
  </datafield>
  <datafield tag="020" ind1=" " ind2=" ">
    <subfield code="a">978-9945-590-86-9 (tapa blanda)</subfield>
  </datafield>
  <datafield tag="040" ind1=" " ind2=" ">
    <subfield code="a">DO-SdBNP</subfield>
    <subfield code="b">spa</subfield>
    <subfield code="c">BNPHU</subfield>
  </datafield>
  <datafield tag="082" ind1=" " ind2="4">
    <subfield code="a">320.97293</subfield>
    <subfield code="b">F363i</subfield>
    <subfield code="2">22</subfield>
  </datafield>
  <datafield tag="100" ind1="1" ind2=" ">
    <subfield code="a">Fern&#xE1;ndez, Leonel,</subfield>
    <subfield code="d">1953-</subfield>
    <subfield code="9">7291</subfield>
  </datafield>
  <datafield tag="245" ind1="1" ind2=" ">
    <subfield code="a">Ideas en conflicto :</subfield>
    <subfield code="b">di&#xE1;logo p&#xF3;stumo entre Juan Bosch y John Bartloe Martin /</subfield>
    <subfield code="c">Leonel Fern&#xE1;ndez, edici&#xF3;n,  Noris Eusebio Pol.</subfield>
  </datafield>
  <datafield tag="260" ind1=" " ind2=" ">
    <subfield code="a">Santo Domingo :</subfield>
    <subfield code="b">FUNGLODE,</subfield>
    <subfield code="c">2019.</subfield>
  </datafield>
  <datafield tag="300" ind1=" " ind2=" ">
    <subfield code="a">418 p. :</subfield>
    <subfield code="b">il. , retrs. ;</subfield>
    <subfield code="c">23 cm.</subfield>
  </datafield>
  <datafield tag="490" ind1=" " ind2=" ">
    <subfield code="a">Pol&#xED;tica</subfield>
  </datafield>
  <datafield tag="500" ind1=" " ind2=" ">
    <subfield code="a">Incluye referencias bibliogr&#xE1;ficas y notas al pi&#xE9; de las p&#xE1;ginas.</subfield>
  </datafield>
  <datafield tag="505" ind1="0" ind2=" ">
    <subfield code="a">Abreviaciones --</subfield>
    <subfield code="t">Pr&#xF3;logo --</subfield>
    <subfield code="g">Canto I :</subfield>
    <subfield code="t">Vidas paralelas -- </subfield>
    <subfield code="g">Canto II :</subfield>
    <subfield code="t">Herencia sangrienta --</subfield>
    <subfield code="g">Capitulo III :</subfield>
    <subfield code="t">Bajo dictadura --</subfield>
    <subfield code="g">Capitulo IV :</subfield>
    <subfield code="t">A la muerte de Trujillo -- </subfield>
    <subfield code="g">Capitulo V :</subfield>
    <subfield code="t">El Consejo de Estado -- </subfield>
    <subfield code="g">Capitulo VI :</subfield>
    <subfield code="t">Estructura social dominicana --  </subfield>
    <subfield code="g">Canto VII :</subfield>
    <subfield code="t">Rumbo a la demogracia -- </subfield>
    <subfield code="g">Canto VIII :</subfield>
    <subfield code="t">La toma de posesi&#xF3;n -- </subfield>
    <subfield code="g">Canto IX: </subfield>
    <subfield code="t">Comunismo y democracia --</subfield>
    <subfield code="g">Canto X :</subfield>
    <subfield code="t">Relaciones ambivalentes --</subfield>
    <subfield code="g">Canto XI :</subfield>
    <subfield code="t">El conflicto con Hait161 --</subfield>
    <subfield code="g">Canto XII :</subfield>
    <subfield code="t">El golpe --</subfield>
    <subfield code="g">Canto XIII :</subfield>
    <subfield code="t">Revuelta popular -- </subfield>
    <subfield code="g">Canto XIV :</subfield>
    <subfield code="t">El revuelta popular --</subfield>
    <subfield code="t">Referencias --</subfield>
    <subfield code="t">Anexo: Conquistador en caqui </subfield>
  </datafield>
  <datafield tag="600" ind1="1" ind2="0">
    <subfield code="a"> Bosch, Juan, </subfield>
    <subfield code="d">1909-2001</subfield>
    <subfield code="9">76555</subfield>
  </datafield>
  <datafield tag="600" ind1="1" ind2="4">
    <subfield code="a">Martin, John Bartlow, </subfield>
    <subfield code="d">1915-1987.</subfield>
    <subfield code="9">45352</subfield>
  </datafield>
  <datafield tag="651" ind1=" " ind2="4">
    <subfield code="a">Estados Unidos</subfield>
    <subfield code="x">Relaciones</subfield>
    <subfield code="z">Rep&#xFA;blica Dominicana</subfield>
    <subfield code="9">2531</subfield>
  </datafield>
  <datafield tag="651" ind1=" " ind2="4">
    <subfield code="a">Rep&#xFA;blica Dominicana</subfield>
    <subfield code="x">Relaciones</subfield>
    <subfield code="z">Estados Unidos </subfield>
    <subfield code="9">2530</subfield>
  </datafield>
  <datafield tag="700" ind1="1" ind2=" ">
    <subfield code="a">Pol, Noris Eusebio,</subfield>
    <subfield code="e">edi.</subfield>
    <subfield code="9">77718</subfield>
  </datafield>
  <datafield tag="710" ind1="1" ind2=" ">
    <subfield code="4">Fundaci&#xF3;n Global Democracia y Desarrollo</subfield>
  </datafield>
  <datafield tag="830" ind1=" " ind2=" ">
    <subfield code="p">Pol&#xED;tica</subfield>
    <subfield code="9">2269</subfield>
  </datafield>
  <datafield tag="910" ind1=" " ind2=" ">
    <subfield code="a">Validado. Control de calidad MFF</subfield>
  </datafield>
  <datafield tag="942" ind1=" " ind2=" ">
    <subfield code="2">ddc</subfield>
    <subfield code="c">LBS1</subfield>
  </datafield>
  <datafield tag="952" ind1=" " ind2=" ">
    <subfield code="0">0</subfield>
    <subfield code="1">0</subfield>
    <subfield code="2">ddc</subfield>
    <subfield code="5">1</subfield>
    <subfield code="7">0</subfield>
    <subfield code="8">MO</subfield>
    <subfield code="a">BNPHU</subfield>
    <subfield code="b">PD</subfield>
    <subfield code="c">HD</subfield>
    <subfield code="d">2020-10-01</subfield>
    <subfield code="e">Donado por FUNGLODE</subfield>
    <subfield code="l">0</subfield>
    <subfield code="o">BNPHU PD 320.97293 F363i</subfield>
    <subfield code="p">2021-0129</subfield>
    <subfield code="r">2021-02-01</subfield>
    <subfield code="w">2021-02-01</subfield>
    <subfield code="y">LBS1</subfield>
  </datafield>
  <datafield tag="952" ind1=" " ind2=" ">
    <subfield code="0">0</subfield>
    <subfield code="1">0</subfield>
    <subfield code="2">ddc</subfield>
    <subfield code="5">1</subfield>
    <subfield code="7">0</subfield>
    <subfield code="8">MO</subfield>
    <subfield code="a">BNPHU</subfield>
    <subfield code="b">PD</subfield>
    <subfield code="c">HD</subfield>
    <subfield code="d">2020-10-01</subfield>
    <subfield code="e">Donado por FUNGLODE</subfield>
    <subfield code="l">0</subfield>
    <subfield code="o">BNPHU PD 320.97293  F363i</subfield>
    <subfield code="p">2021-0130</subfield>
    <subfield code="r">2021-02-01</subfield>
    <subfield code="t">e.2</subfield>
    <subfield code="w">2021-02-01</subfield>
    <subfield code="y">LBS1</subfield>
  </datafield>
  <datafield tag="952" ind1=" " ind2=" ">
    <subfield code="0">0</subfield>
    <subfield code="1">0</subfield>
    <subfield code="2">ddc</subfield>
    <subfield code="5">6</subfield>
    <subfield code="7">0</subfield>
    <subfield code="8">MO</subfield>
    <subfield code="a">BNPHU</subfield>
    <subfield code="b">DO</subfield>
    <subfield code="c">HD</subfield>
    <subfield code="d">2020-10-01</subfield>
    <subfield code="e">Donado por FUNGLODE</subfield>
    <subfield code="l">0</subfield>
    <subfield code="o">BNPHU DS 320.97293 F363i</subfield>
    <subfield code="p">2021-0131</subfield>
    <subfield code="r">2021-02-01</subfield>
    <subfield code="t">e.3</subfield>
    <subfield code="w">2021-02-01</subfield>
    <subfield code="y">LBS1</subfield>
  </datafield>
  <datafield tag="952" ind1=" " ind2=" ">
    <subfield code="0">0</subfield>
    <subfield code="1">0</subfield>
    <subfield code="2">ddc</subfield>
    <subfield code="5">6</subfield>
    <subfield code="7">0</subfield>
    <subfield code="8">MO</subfield>
    <subfield code="a">BNPHU</subfield>
    <subfield code="b">DO</subfield>
    <subfield code="c">HD</subfield>
    <subfield code="d">2021-09-15</subfield>
    <subfield code="e">FUNGLODE</subfield>
    <subfield code="l">0</subfield>
    <subfield code="o">BNPHU DS 320.97293 F363i</subfield>
    <subfield code="p">2021-26528</subfield>
    <subfield code="r">2021-09-15</subfield>
    <subfield code="t">e.4</subfield>
    <subfield code="w">2021-09-15</subfield>
    <subfield code="y">LBS1</subfield>
  </datafield>
  <datafield tag="952" ind1=" " ind2=" ">
    <subfield code="0">0</subfield>
    <subfield code="1">0</subfield>
    <subfield code="2">ddc</subfield>
    <subfield code="5">6</subfield>
    <subfield code="7">0</subfield>
    <subfield code="8">MO</subfield>
    <subfield code="a">BNPHU</subfield>
    <subfield code="b">DO</subfield>
    <subfield code="c">HD</subfield>
    <subfield code="d">2021-09-15</subfield>
    <subfield code="e">FUNGLODE</subfield>
    <subfield code="l">0</subfield>
    <subfield code="o">BNPHU DS 320.97293 F363i</subfield>
    <subfield code="p">2021-26529</subfield>
    <subfield code="r">2021-09-15</subfield>
    <subfield code="t">e.5</subfield>
    <subfield code="w">2021-09-15</subfield>
    <subfield code="y">LBS1</subfield>
  </datafield>
  <datafield tag="999" ind1=" " ind2=" ">
    <subfield code="c">49347</subfield>
    <subfield code="d">49347</subfield>
  </datafield>
</record>
